<?xml version="1.0" encoding="UTF-8"?>
<record
    xmlns:xsi="http://www.w3.org/2001/XMLSchema-instance"
    xsi:schemaLocation="http://www.loc.gov/MARC21/slim http://www.loc.gov/standards/marcxml/schema/MARC21slim.xsd"
    xmlns="http://www.loc.gov/MARC21/slim">

  <leader>02610nam a2200385 i 4500</leader>
  <controlfield tag="001">000015228</controlfield>
  <controlfield tag="003">DO-SdBNP</controlfield>
  <controlfield tag="005">20250613100439.0</controlfield>
  <controlfield tag="007">ta</controlfield>
  <controlfield tag="008">100203s2000    dr            001 0 spa d</controlfield>
  <datafield tag="020" ind1=" " ind2=" ">
    <subfield code="a">9993401587</subfield>
  </datafield>
  <datafield tag="040" ind1=" " ind2=" ">
    <subfield code="a">DO-SdBNP</subfield>
    <subfield code="b">spa</subfield>
    <subfield code="c">BNPHU</subfield>
    <subfield code="e">rda</subfield>
  </datafield>
  <datafield tag="082" ind1=" " ind2="4">
    <subfield code="a">923.17293</subfield>
    <subfield code="b">H549L 2000</subfield>
    <subfield code="2">22</subfield>
  </datafield>
  <datafield tag="100" ind1="1" ind2=" ">
    <subfield code="a">D&#xED;az, Vigil,</subfield>
    <subfield code="d">1880-1961</subfield>
    <subfield code="e">autor</subfield>
    <subfield code="4">aut.</subfield>
    <subfield code="9">22114</subfield>
  </datafield>
  <datafield tag="245" ind1="1" ind2="0">
    <subfield code="a">Lil&#xED;s ;</subfield>
    <subfield code="b">El tirano Ulises Heureaux, o, Veinte a&#xF1;os de historia tenebrosa de Am&#xE9;rica /</subfield>
    <subfield code="c">Vigil D&#xED;az, Horacio Blanco Fombona ; presentaci&#xF3;n Julio Genaro Campillo P&#xE9;rez.</subfield>
  </datafield>
  <datafield tag="246" ind1="1" ind2="3">
    <subfield code="a">Veinte a&#xF1;os de historia tenebrosa de Am&#xE9;rica</subfield>
  </datafield>
  <datafield tag="250" ind1=" " ind2=" ">
    <subfield code="a">Segunda edici&#xF3;n </subfield>
  </datafield>
  <datafield tag="264" ind1=" " ind2=" ">
    <subfield code="a">Santo Domingo :</subfield>
    <subfield code="b">Ediciones Librer&#xED;a La Trinitaria,</subfield>
    <subfield code="c">2000.</subfield>
  </datafield>
  <datafield tag="300" ind1=" " ind2=" ">
    <subfield code="a">199 p&#xE1;ginas ;</subfield>
    <subfield code="c">22 cm.</subfield>
  </datafield>
  <datafield tag="336" ind1=" " ind2=" ">
    <subfield code="a">texto</subfield>
    <subfield code="b">txt</subfield>
    <subfield code="2">rdacontent </subfield>
  </datafield>
  <datafield tag="337" ind1=" " ind2=" ">
    <subfield code="a">sin mediaci&#xF3;n </subfield>
    <subfield code="b">n</subfield>
    <subfield code="2">rdamedia</subfield>
  </datafield>
  <datafield tag="338" ind1=" " ind2=" ">
    <subfield code="a">volumen  </subfield>
    <subfield code="b">nc</subfield>
    <subfield code="2">rdacarrier </subfield>
  </datafield>
  <datafield tag="490" ind1="0" ind2=" ">
    <subfield code="a">Ediciones Librer&#xED;a La Trinitaria ;</subfield>
    <subfield code="v">52</subfield>
  </datafield>
  <datafield tag="501" ind1=" " ind2=" ">
    <subfield code="a">Publicado con : El tirano Ulises Heureaux, o, Veinte a&#xF1;os de historia tenebrosa de Am&#xE9;rica /Horacio Blanco Fombona.</subfield>
  </datafield>
  <datafield tag="505" ind1="0" ind2=" ">
    <subfield code="a">Presentaci&#xF3;n de una nueva edici&#xF3;n /</subfield>
    <subfield code="r">Dr Julio Genaro Campillo P&#xE9;rez --</subfield>
    <subfield code="t">El tirano Ulises Heureaux /</subfield>
    <subfield code="r">Horacio Blanco Fombona --</subfield>
    <subfield code="t">Liminar --</subfield>
    <subfield code="t">Infancia y adolescencia del tirano --</subfield>
    <subfield code="t">El oficial luperonista --</subfield>
    <subfield code="t">En la primera magistratura --</subfield>
    <subfield code="t">Los fusilamientos --</subfield>
    <subfield code="t">An&#xE9;cdotas que lo revelan --</subfield>
    <subfield code="t">Lil&#xED;s y la independencia de Cuba --</subfield>
    <subfield code="t">Retrato de Lil&#xED;s --</subfield>
    <subfield code="t">El aventurero financista en la pol&#xED;tica hispanoamericana --</subfield>
    <subfield code="t">Carta de amor de Lil&#xED;s a una dama francesa --</subfield>
    <subfield code="t">La muerte del tirano --</subfield>
    <subfield code="t">Or&#xED;genes del c&#xF3;digo de la muerte --</subfield>
    <subfield code="t">El C&#xF3;digo de la Muerte.</subfield>
  </datafield>
  <datafield tag="505" ind1="0" ind2=" ">
    <subfield code="g">Lil&#xED;s /</subfield>
    <subfield code="r">Vigil D&#xED;az --</subfield>
    <subfield code="t">Al lector --</subfield>
    <subfield code="t">El Cabao --</subfield>
    <subfield code="t">El combate --</subfield>
    <subfield code="t">De los seis a&#xF1;os --</subfield>
    <subfield code="t">Un calambur --</subfield>
    <subfield code="t">La revoluci&#xF3;n de Moya --</subfield>
    <subfield code="t">Una vocaci&#xF3;n frustrada --</subfield>
    <subfield code="t">El fiao --</subfield>
    <subfield code="t">El general Cuyaya --</subfield>
    <subfield code="t">Las p&#xED;ldoras de Zocoto --</subfield>
    <subfield code="t">La espada de honor --</subfield>
    <subfield code="t">La prudencia --</subfield>
    <subfield code="t">El araguato --</subfield>
    <subfield code="t">El tramojo --</subfield>
    <subfield code="t">Un consejo --</subfield>
    <subfield code="t">Una f&#xE1;brica de sombreros --</subfield>
    <subfield code="t">No meneallo --</subfield>
    <subfield code="t">Una caldera --</subfield>
    <subfield code="t">Un cochero --</subfield>
    <subfield code="t">El General Barba Cuf&#xE1; --</subfield>
    <subfield code="t">&#xBF;Expedici&#xF3;n punitiva? --</subfield>
    <subfield code="t">El &#xFA;ltimo viaje.</subfield>
  </datafield>
  <datafield tag="563" ind1=" " ind2=" ">
    <subfield code="a">Dos obras encuadernadas juntas con paginaci&#xF3;n cont&#xED;nua.</subfield>
  </datafield>
  <datafield tag="590" ind1=" " ind2=" ">
    <subfield code="a">Inventariado, 2020/VM</subfield>
  </datafield>
  <datafield tag="600" ind1="1" ind2="4">
    <subfield code="a">Heureaux, Ulises</subfield>
    <subfield code="d">1845-1899</subfield>
    <subfield code="v">An&#xE9;cdotas, chistes, s&#xE1;tiras etc.</subfield>
    <subfield code="9">34051</subfield>
  </datafield>
  <datafield tag="651" ind1=" " ind2="0">
    <subfield code="a">Rep&#xFA;blica Dominicana --</subfield>
    <subfield code="x">Historia --</subfield>
    <subfield code="y">1844-1930</subfield>
    <subfield code="9">1009</subfield>
  </datafield>
  <datafield tag="700" ind1="1" ind2=" ">
    <subfield code="a">Blanco Fombona, Horacio,</subfield>
    <subfield code="d">1989-1948</subfield>
    <subfield code="t">El tirano Ulises Heureaux</subfield>
    <subfield code="9">34470</subfield>
  </datafield>
  <datafield tag="700" ind1="1" ind2=" ">
    <subfield code="a">Campillo P&#xE9;rez, Julio Genaro</subfield>
    <subfield code="9">13954</subfield>
  </datafield>
  <datafield tag="910" ind1=" " ind2=" ">
    <subfield code="a">Validado. Control de calidad EMS</subfield>
  </datafield>
  <datafield tag="942" ind1=" " ind2=" ">
    <subfield code="2">ddc</subfield>
    <subfield code="c">LBS1</subfield>
  </datafield>
  <datafield tag="952" ind1=" " ind2=" ">
    <subfield code="0">0</subfield>
    <subfield code="1">0</subfield>
    <subfield code="2">ddc</subfield>
    <subfield code="5">1</subfield>
    <subfield code="7">0</subfield>
    <subfield code="8">DS</subfield>
    <subfield code="a">BNPHU</subfield>
    <subfield code="b">BNPHU</subfield>
    <subfield code="c">HD</subfield>
    <subfield code="d">2010-02-03</subfield>
    <subfield code="l">0</subfield>
    <subfield code="o">BNPHU DS 923.17293 H549L 2000</subfield>
    <subfield code="p">15228-30</subfield>
    <subfield code="r">2020-06-25</subfield>
    <subfield code="t">e.3</subfield>
    <subfield code="w">2020-06-25</subfield>
    <subfield code="y">LBS1</subfield>
    <subfield code="Z">Pr&#xE9;stamo en sala</subfield>
  </datafield>
  <datafield tag="952" ind1=" " ind2=" ">
    <subfield code="0">0</subfield>
    <subfield code="1">0</subfield>
    <subfield code="2">ddc</subfield>
    <subfield code="5">6</subfield>
    <subfield code="7">0</subfield>
    <subfield code="8">DS</subfield>
    <subfield code="a">BNPHU</subfield>
    <subfield code="b">BNPHU</subfield>
    <subfield code="c">HD</subfield>
    <subfield code="d">2010-02-03</subfield>
    <subfield code="l">0</subfield>
    <subfield code="o">BNPHU DS 923.17293 H549L 2000</subfield>
    <subfield code="p">15228-40</subfield>
    <subfield code="r">2020-06-25</subfield>
    <subfield code="t">e. 4</subfield>
    <subfield code="w">2020-06-25</subfield>
    <subfield code="y">LBS1</subfield>
    <subfield code="Z">Pr&#xE9;stamo en sala</subfield>
  </datafield>
  <datafield tag="952" ind1=" " ind2=" ">
    <subfield code="0">0</subfield>
    <subfield code="1">1</subfield>
    <subfield code="2">ddc</subfield>
    <subfield code="5">6</subfield>
    <subfield code="7">0</subfield>
    <subfield code="8">DS</subfield>
    <subfield code="a">BNPHU</subfield>
    <subfield code="b">BNPHU</subfield>
    <subfield code="c">MI</subfield>
    <subfield code="d">2010-02-03</subfield>
    <subfield code="l">0</subfield>
    <subfield code="o">BNPHU DS 923.17293 H549L 2000</subfield>
    <subfield code="p">15228-50</subfield>
    <subfield code="r">2020-06-25</subfield>
    <subfield code="t">e.5</subfield>
    <subfield code="w">2020-06-25</subfield>
    <subfield code="y">LBS1</subfield>
    <subfield code="Z">Pr&#xE9;stamo en sala</subfield>
  </datafield>
  <datafield tag="952" ind1=" " ind2=" ">
    <subfield code="0">0</subfield>
    <subfield code="1">0</subfield>
    <subfield code="2">ddc</subfield>
    <subfield code="5">1</subfield>
    <subfield code="7">0</subfield>
    <subfield code="8">PD</subfield>
    <subfield code="a">BNPHU</subfield>
    <subfield code="b">BNPHU</subfield>
    <subfield code="c">HD</subfield>
    <subfield code="d">2010-02-03</subfield>
    <subfield code="l">0</subfield>
    <subfield code="o">BNPHU PD 923.17293 H549L 2000</subfield>
    <subfield code="p">15228-10</subfield>
    <subfield code="r">2020-06-25</subfield>
    <subfield code="w">2020-06-25</subfield>
    <subfield code="y">LBS1</subfield>
    <subfield code="Z">No se presta</subfield>
  </datafield>
  <datafield tag="952" ind1=" " ind2=" ">
    <subfield code="0">0</subfield>
    <subfield code="1">0</subfield>
    <subfield code="2">ddc</subfield>
    <subfield code="5">1</subfield>
    <subfield code="7">0</subfield>
    <subfield code="8">PD</subfield>
    <subfield code="a">BNPHU</subfield>
    <subfield code="b">BNPHU</subfield>
    <subfield code="c">HD</subfield>
    <subfield code="d">2010-02-03</subfield>
    <subfield code="l">0</subfield>
    <subfield code="o">BNPHU PD 923.17293 H549L 2000</subfield>
    <subfield code="p">15228-20</subfield>
    <subfield code="r">2020-06-25</subfield>
    <subfield code="t">e.2</subfield>
    <subfield code="w">2020-06-25</subfield>
    <subfield code="y">LBS1</subfield>
    <subfield code="Z">No se presta</subfield>
  </datafield>
  <datafield tag="999" ind1=" " ind2=" ">
    <subfield code="c">14797</subfield>
    <subfield code="d">14797</subfield>
  </datafield>
</record>
